Once upon a time - Musical Episode - Statistics

General Stats
  • This quiz has been taken 52 times
  • The average score is 5 of 6
Answer Stats
Extrait Titre % Correct
You are wasting your time That croc in my hand, wanna tear out his spine! Revenge is gonna be mine
90%
I'll give her a magic gift to bring the Charmings down When Regina stands victorious I'll swoop right into town Wicked always wins
88%
Got the magic I need For my darkest of deeds Watch my curse kill romance Love doesn't stand a chance
81%
It's all because the wish I made Upon the star above Powerful Magic
69%
When we face the endless night Take my hand and join the fight A Happy Beginning
67%
Once upon a time a song inspired them: be brave They gave me up because my fate was as the one who'd save Emma's theme
60%
No matching quizzes found
Score Distribution
Percent of People with Each Score
Percentile by Number Answered
Your Score History
You have not taken this quiz